Zbiorniki wodne według miast - Statystyki

Ogólne statystyki
  • Ten quiz został rozwiązany 1 614 razy
  • Średni wynik to 14 z 22
Statystyki odpowiedzi
Miasta Zbiornik wodny % Poprawnych
Barcelona, Tel Awiw, Trypolis Morze Śródziemne
97%
Ryga, Sztokholm, Gdańsk Morze Bałtyckie
92%
Odessa, Warna, Sewastopol Morze Czarne
88%
Kair, Dżuba, Chartum Nil
85%
Asab, Port Sudan, Dżedda Morze Czerwone
83%
Belgrad, Wiedeń, Bratysława Dunaj
80%
Edynburg, Haga, Goteborg Morze Północne
77%
Bari, Dubrownik, Wenecja Morze Adriatyckie
76%
Cancun, Kingston, Barranquilla Morze Karaibskie
67%
Ad-Dammam, Doha, Dubaj Zatoka Perska
67%
St Louis, Nowy Orlean, Memphis Missisipi
62%
Czedżu, Incheon, Qingdao Morze Żółte
60%
Hong Kong, Da Nang, Sanya Morze Południowochińskie
56%
Santarem, Manaus, Macapa Amazonka
54%
Mobile, Galveston, Sarasota Zatoka Meksykańska
53%
Bamako, Niamey, Lokoja Niger
50%
Green Bay, Milwaukee, Chicago Michigan
48%
Akra, Lagos, Duala Zatoka Gwinejska
38%
Wientian, Phnom Penh, Jinghong Mekong
36%
Visakhapatnam, Ćottogram, Ćennaj Zatoka Bengalska
31%
Quilmes, Montevideo, Buenos Aires La Plata
26%
Toledo, Buffalo, Cleveland Erie
23%
Nie znaleziono quizów pasujących do podanych kryteriów
Rozkład punktacji
Procent ludzi z każdym wynikiem
Percentyl według liczby udzielonych odpowiedzi
Twoja historia wyników
Nie rozwiązałeś tego quizu